000 00734cam a22002651a 4500
001 6514286
003 Nust
005 20220831094721.0
008 860521s1953 enk 000 1 eng
010 _a 54015105
015 _aGB53-12910
020 _a9788129102829
_cRs. 260
035 _a(OCoLC)13613878
038 _aArshad
040 _aDLC
_cMBAt
_dCLU
_dUk
_dDLC
050 0 0 _aPZ4.C388
_bNat
_aPR6053.E3
082 _a823
_bCEC
100 1 _aCecil, Henry,
_d1902-1976.
_911931
245 1 0 _aNatural causes /
_cHenry Cecil.
260 _aLondon :
_bChapman & Hall,
_c1953.
300 _a225 p. ;
_c19 cm.
655 7 _aLegal stories.
_2gsafd
_9935
906 _a7
_bcbc
_coclcrpl
_du
_encip
_f19
_gy-gencatlg
942 _2ddc
_cBK
999 _c173342
_d173342